Largest US Cities without a Cathedral - Statistics

General Stats
  • This quiz has been taken 28 times
  • The average score is 8 of 20
Answer Stats
Population City % Correct
949,611 Jacksonville
75%
504,258 Mesa
67%
403,455 Bakersfield
63%
384,959 Tampa
63%
466,742 Long Beach
58%
394,266 Arlington
50%
314,998 Riverside
50%
346,824 Anaheim
46%
317,610 Henderson
46%
459,470 Virginia Beach
46%
564,559 Albuquerque
42%
386,261 Aurora
42%
262,527 North Las Vegas
33%
310,227 Santa Ana
33%
285,494 Plano
29%
275,987 Chandler
25%
299,035 Greensboro
25%
307,670 Irvine
25%
283,506 Durham
17%
292,449 Jersey City
0%
No matching quizzes found
Score Distribution
Percent of People with Each Score
Percentile by Number Answered
Your Score History
You have not taken this quiz